01325nam a2200229 a 4500008004100000020001500041050001500056100001500071245002400086260005300110300002000163350000900183650001300192650001700205995016300222995014900385995016200534999001700696952013000713952013000843952012200973120416s1994 ||||||||||||||||| || u a0113527497 aSD 421 Sho aShow, S. B10aForest fire control aDehra DunbInternational book distributorsc1994 avi, 110p.: ill. a0.00 aFORESTRY aFIRE CONTROL aMAIN LIBRARY OPEN ACCESSD0.00e732080FCBU-MAIN LIBRARY (Kitwe)H3I20.00jSD 421 ShoM3UAVAILABLEWJul 20, 2006y44929ZMain Library Open Access Collection aMAIN LIBRARY OPEN ACCESSD0.00e732078FCBU-MAIN LIBRARY (Kitwe)H2I20.00jSD 421 ShoM2UAVAILABLEy44932ZMain Library Open Access Collection aANNEX COLLECTION (Main Library)D0.00e732079FCBU-MAIN LIBRARY (Kitwe)H1I20.00jSD 421 ShoM1UAVAILABLEWMay 19, 2006y44930ZAnnex Low-Usage Collection  c63225d63225 00102lcc4070a001b001cMain Library Open Access Collectiond2022-12-24l0oSD 421 Shop44929r2022-12-24w2022-12-24y002 00102lcc4070a001b001cMain Library Open Access Collectiond2022-12-24l0oSD 421 Shop44932r2022-12-24w2022-12-24y002 00102lcc4070a001b001cAnnex Low-Usage Collection d2022-12-24l0oSD 421 Shop44930r2022-12-24w2022-12-24y002